Statistiques concernant Tous les vainqueurs de la F.A Cup

Cliquez ici pour prendre le quiz!

Statistiques générales

  • Ce quiz a été pris 126 fois
  • Le résultat moyen est 58 sur 141

Statistiques - réponses

HintRéponse% Correct
1930 | 1936 | 1950Arsenal FC
98%
1904 | 1934 | 1956 | +3 othersManchester City
97%
1909 | 1948 | 1963 | +9 othersManchester United
96%
1901 | 1921 | 1961 | +5 othersTottenham Hotspur
67%
1910 | 1924Newcastle United
66%
1965 | 1974 | 1986 | +5 othersLiverpool FC
64%
1906Everton FC
62%
1970 | 1997 | 2000 | +5 othersChelsea FC
61%
1933Everton FC
56%
1932 | 1951 | 1952 | 1955Newcastle United
54%
1972Leeds United
48%
1887 | 1895 | 1897 | +4 othersAston Villa
47%
1899 | 1902 | 1915 | 1925Sheffield United
45%
2021Leicester City
41%
1964 | 1975 | 1980West Ham United
40%
1914Burnley FC
34%
1927Cardiff City
31%
1937 | 1973Sunderland FC
29%
1883Blackburn Olympic
28%
1884 | 1885 | 1886 | +2 othersBlackburn Rovers
28%
1976Southampton FC
28%
1911Bradford City
26%
1949 | 1960Wolverhampton Wanderers
22%
1971 | 1979 | 1993 | +8 othersArsenal FC
21%
1935Sheffield Wednesday
20%
1893Wolverhampton Wanderers
20%
1953Blackpool FC
19%
1939 | 2008Portsmouth FC
19%
1988Wimbledon FC
19%
1966 | 1984 | 1995Everton FC
18%
1912Barnsley FC
16%
1900 | 1903Bury FC
16%
1987Coventry FC
15%
1896 | 1907The Wednesday FC
15%
1946Derby County
13%
1898 | 1959Notthingham Forest
12%
1889Preston North End
9%
1888 | 1892 | 1968West Bromwich Albion
9%
1931 | 1954West Bromwich Albion
7%
2013Wigan Athletic
6%
1958Bolton Wanderers
5%
1894Notts County
5%
1874Oxford University
5%
1908Wolverhampton Wanderers
5%
1947Charlton Athletic
2%
1922Huddersfield Town
2%
1879 | 1882Old Etonians
2%
1928Blackburn Rovers
1%
1880Clapham Rovers
1%
1978Ispwich Town
1%
1881Old Carthusians
1%
1923 | 1926 | 1929Bolton Wandarers
0%
1938Preston North End
0%
1875Royal Engineers
0%
1872 | 1873 | 1876 | +2 othersThe Wanders
0%

Distribution des résultats

Percentile par nombre de réponses

% des personnes avec chaque résultat

Votre développement - résultats

Vous n’avez pas pris ce quiz